| 000 | 00878nam a2200229 a 4500 | ||
|---|---|---|---|
| 005 | 20210223125730.0 | ||
| 008 | 051014s2004 fr r 000 0 eng d | ||
| 020 | _a9280312626 | ||
| 035 | _aUPN01000140657 | ||
| 049 | _aCG | ||
| 050 | 4 |
_aLA626 _bB7.7 |
|
| 100 | 1 | _aBriseid, Ole | |
| 245 | 1 | 0 |
_aTrends in secondary education in industrialized countries : _bare they relevant for African countries? / _cOle Briseid, Francoise Caillods. |
| 260 |
_aParís : _bUNESCO, International Institute for Educational Planning, _c2004. |
||
| 300 |
_a229 p. : _btablas, gráfs. |
||
| 440 | 0 | _aIIEP, International Institute for Educational Planinning | |
| 650 | 4 |
_aEDUCACION SECUNDARIA - _zEUROPA _91556 |
|
| 650 | 4 |
_aEDUCACION SECUNDARIA - _zAFRICA _91557 |
|
| 650 | 4 |
_aEDUCACION SECUNDARIA - _xFINES Y OBJETIVOS _919339 |
|
| 700 | 1 |
_aCaillods, Francoise, _ecoaut. _928622 |
|
| 905 | _aLibro | ||
| 999 |
_c112805 _d112805 |
||